00431 2200181 4500001002100000005001500021008004100036035001900077041000600096082000800102090001400110100002400124245002400148260002400172300002300196500000600219650002400225INLIS00000000000623520241224113243241224||||||||| | ||| |||| ||  0010-1224006235 a00 a658 a658 BAM m0 aBambang Tri Cahyono00aManajemen Pemasaran aJakartabIPWIc1996 avi,360 hlm,;24 hlm a1 0aManajemen Pemasaran